LEADER 02677 am 22005413u 450 001 9910132430203321 005 20210310121153.0 035 $a(CKB)3710000000347284 035 $a(SSID)ssj0001598243 035 $a(PQKBManifestationID)16298984 035 $a(PQKBTitleCode)TC0001598243 035 $a(PQKBWorkID)12129563 035 $a(PQKB)11366097 035 $a(EXLCZ)993710000000347284 100 $a20160829h20152015 fy 0 101 0 $ager 135 $aurm|#---uuuuu 181 $ctxt$2rdacontent 182 $cc$2rdamedia 183 $acr$2rdacarrier 200 10$aDie Wunden des Staates $eKriegsopfer und Sozialstaat in Österreich, 1914-1938 /$fVerena Pawlowsky, Harald Wendelin 210 1$aGermany :$cBo?hlau Verlag,$d2015 210 4$d©2015 215 $a1 online resource (584 pages) $cillustrations; digital, PDF file(s) 300 $aBibliographic Level Mode of Issuance: Monograph 311 $a3-205-79598-9 320 $aIncludes bibliographical references. 330 $aThe study?s subject is the assistance for the victims of World War I in Austria. It explains the numerous measures taken in favour of disabled veterans and war widows during the war and in the post-war period and describes the powerful organisations of the invalids. The assistance for war victims expressed very early social policy as supported by the state. 330 $aDas Buch nimmt die Kriegsopfer des Ersten Weltkriegs in den Blick. Es rekonstruiert das für Kriegsbeschädigte, Witwen und Waisen geschaffene Versorgungssystem sowie die Entwicklung seines normativen Rahmens in der Habsburgermonarchie und in der Ersten Republik. Die Autoren betonen die Rolle der Invaliden im Kampf um ihre Rechte und analysieren die Schaffung des Versorgungsystems für Kriegsopfer als einen entscheidenden Schritt auf dem Weg zum modernen Sozialstaat. 606 $aDisabled veterans$xServices for$xHistory$y20th century$zAustria 606 $aWorld War, 1914-1918$xServices for$xVeterans$zAustria 606 $aMilitary & Naval Science$2HILCC 606 $aLaw, Politics & Government$2HILCC 606 $aMilitary Administration$2HILCC 608 $bElectronic books. 615 0$aDisabled veterans$xServices for$xHistory 615 0$aWorld War, 1914-1918$xServices for$xVeterans 615 7$aMilitary & Naval Science 615 7$aLaw, Politics & Government 615 7$aMilitary Administration 676 $a363.349809436 700 $aPawlowsky$b Verena$0803117 702 $aWendelin$b Harald 801 0$bPQKB 906 $aBOOK 912 $a9910132430203321 996 $aDie Wunden des Staates$91978847 997 $aUNINA LEADER 04044nam 2200457 450 001 9910483103903321 005 20210224152542.0 010 $a3-030-54058-8 024 7 $a10.1007/978-3-030-54058-6 035 $a(CKB)4100000011476544 035 $a(MiAaPQ)EBC6357797 035 $a(DE-He213)978-3-030-54058-6 035 $a(PPN)250223430 035 $a(EXLCZ)994100000011476544 100 $a20210224d2021 uy 0 101 0 $aeng 135 $aurnn|008mamaa 181 $ctxt$2rdacontent 182 $cc$2rdamedia 183 $acr$2rdacarrier 200 00$aChemotherapy and pharmacology for leukemia in pregnancy $eguidelines and strategies for best practices /$fCarolina Witchmichen Penteado Schmidt, Kale?u Mormino Otoni, editors 205 $a1st ed. 2021. 210 1$aCham, Switzerland :$cSpringer,$d[2021] 210 4$d©2021 215 $a1 online resource (X, 210 p. 4 illus., 2 illus. in color.) 300 $aIncludes index. 311 $a3-030-54057-X 327 $aIntroduction -- Clinical Perspectives For Leukemia Treatment During Pregnancy -- Chemotherapy Protocols For Leukemia During Pregnancy -- Pharmacokinetics And Pharmacodynamics Of Chemotherapy For Leukemia In Pregnancy -- Clinical Care Of The Fetus And The Mother: Obstetrics Management For Patients On Treatment For Leukemia -- Antibiotic And Antifungal Therapies During Leukemia Treatment In Pregnancy -- Transfusion In Pregnant Patients Receiving Treatment For Leukemia -- Dose Adjustment Of Chemotherapy For Leukemia In Pregnancy Based On Serum Dosages -- Supportive drugs in leukemia treatment during pregnancy -- Breastfeeding During Chemotherapy Treatment For Leukemia -- Palliative Care For Patients With Leukemia During Pregnancy. 330 $aIn response to the complexity involved in treating leukemia during pregnancy, and the need to find the most efficient treatment possible without harming the fetus, this book offers essential guidelines for institutions and practitioners alike. Pursuing a comprehensive approach, the book addresses a broad range of subjects, including: pregnancy and its characteristics; staging, pathology, morbidity and what to expect in each type of leukemia; chemotherapy for leukemia in pregnant women with complete trials; dose adjustment of chemotherapy for leukemia in pregnancy based on serum dosages; and pharmacokinetics and pharmacodynamics for this unique group of patients. In turn, subsequent chapters focus on protecting the fetus and neonatal management regarding chemotherapy for leukemia in pregnancy, including the treatment and risks for the fetus (for each type of leukemia), intrathecal therapy and its effects on the fetus; supportive drugs, antibiotics and antifungals for pregnant patients during chemotherapy, including intervention and dose adjustments; palliative care for women with leukemia in pregnancy; breastfeeding during treatment for leukemia; pharmacological aspects of supplements, vitamins and nutrition in pregnancy during leukemia treatment; and more. Combining contributions from highly qualified hematology professionals, who have pooled their knowledge to address the treatment of virtually every aspect of leukemia in pregnancy, the book is aimed at a complete pharmacological treatment, including guidelines and trials. It is a must-have not only for institutions providing care for hematology patients, but also for residency programs, research institutions, and professionals in areas that involve leukemia treatment for pregnant women ? e.g. hematology, neonatology, obstetrics clinics, intensive medicine and critical care units. 606 $aLeukemia$xChemotherapy 615 0$aLeukemia$xChemotherapy. 676 $a616.99419061 702 $aSchmidt$b Carolina Witchmichen Penteado 702 $aOtoni$b Kale?u Mormino 801 0$bMiAaPQ 801 1$bMiAaPQ 801 2$bMiAaPQ 906 $aBOOK 912 $a9910483103903321 996 $aChemotherapy and pharmacology for leukemia in pregnancy$92851503 997 $aUNINA